000 00595nam a22002057a 4500
005 20260123061745.0
008 260123b |||||||| |||| 00| 0 eng d
020 _a978-0-316-21233-5
082 _aFic. C182 2013
100 _aCameron, Miles
_993
245 _aThe fell sword /
_cMIles Cameron
260 _aNew York:
_bOrbit,
_cc2013
300 _a624p.:
_bill.
490 _aThe traitor son cycle;
_v2
541 _e7847 c.1
650 _aFantasy fiction
_962
650 _aKnights and knighthood - Fiction
_994
650 _aMercernary troops - Fiction
_995
650 _aScience fiction
_964
999 _c2470
_d2470